000 01091cam a2200253 a 4500
001 000006811
005 20200929154011.0
008 970919s1996 sp b 001 0 spa
020 _a8478203001
040 _aDO-SdBNP
_bspa
_cBNPHU
082 _a946.043
_bL851a
100 1 _aLeonardo de Argensola, Bartolomé,
_d1562-1631.
_918940
245 1 0 _aAlteraciones populares de Zaragoza año 1591 /
_cBartolomé Leonardo de Argensola ; edición, estudio y notas Gregorio Colás Latorre.
260 _aZaragoza :
_bInstitución "Fernando el Católico",
_c1996.
300 _a230 p. ;
_c21 cm.
500 _aIncluye índice onomástico y geográfico
504 _aIncluye referencias bibliográficas y notas al pie de las páginas
651 4 _aZaragoza :
_xHistoria
_918941
650 4 _aEspaña
_xDisturbios
_zZaragoza
_xHistoria
_918942
650 4 _aLeyes
_918943
651 4 _aEspaña
_xHistoria
_yPHILIP II, 1556-1598.
_918944
600 1 4 _aLEONARDO DE ARGENSOLA, BARTOLOMÉ,
_d1562-1631.
_tALTERACIONES POPULARES DE ZARAGOZA, AÑO 1591.
_918945
700 1 _aColás Latorre, Gregorio,
_eed.
_918946
999 _c6599
_d6599